Who eliminated Engand ? - Statistics

General Stats
  • This quiz has been taken 34 times
  • The average score is 19 of 22
Answer Stats
Competition Score Round of the competition Answer % Correct
Euro 1980 1-1, 0-1, 2-1 Group stage Belgium, Italy, Spain
100%
Euro 2012 0-0 (2-4 pen.) Quarter-final Italy
100%
Euro 2021 1-1 (2-3 pen.) Final Italy
100%
WC 2014 1-2, 1-2, 0-0 Group stage Italy, Uruguay, Costa Rica
100%
WC 2022 1-2 Quarter-final France
96%
WC 1970 2-3 Quarter-final West Germany
93%
Euro 1972 1-3, 0-0 Quarter-final West Germany
93%
WC 1990 1-1 (3-4 pen.) Semi-final West Germany
93%
WC 1986 1-2 Quarter-final Argentina
89%
WC 1998 2-2 (3-4 pen.) Round of 16 Argentina
89%
WC 2002 1-2 Quarter-final Brazil
89%
Euro 1996 1-1 (5-6 pen.) Semi-final Germany
86%
WC 2010 1-4 Round of 16 Germany
86%
Euro 2004 2-2 (5-6 pen.) Quarter-final Portugal
86%
WC 2006 0-0 (1-3 pen.) Quarter-final Portugal
86%
Euro 2000 2-3, 1-0, 2-3 Group stage Portugal, Germany, Romania
86%
WC 1982 0-0, 0-0 Second group stage West Germany, Spain
86%
WC 2018 1-2 (e. t.) Semi-final Croatia
75%
Euro 2016 1-2 Round of 16 Iceland
71%
Euro 1988 0-1, 1-3, 1-3 Group stage Ireland, Netherlands, USSR
68%
Euro 1992 0-0, 0-0, 1-2 Group stage Denmark, France, Sweden
64%
Euro 1968 0-1 Semi-final Yugoslavia
25%
No matching quizzes found
Score Distribution
Percent of People with Each Score
Percentile by Number Answered
Your Score History
You have not taken this quiz